Countries of Oceania in Alphabetical Order - Statistics

General Stats
  • This quiz has been taken 35 times
  • The average score is 10 of 14
Answer Stats
Country % Correct
Australia
100%
Fiji
81%
Nauru
78%
Kiribati
74%
Solomon Islands
74%
Samoa
70%
Vanuatu
70%
Federated States of Micronesia
67%
New Zealand
67%
Marshall Islands
63%
Palau
63%
Tonga
63%
Papua New Guinea
59%
Tuvalu
59%
No matching quizzes found
Score Distribution
Percent of People with Each Score
Percentile by Number Answered
Your Score History
You have not taken this quiz